| 000 | 00369nam a2200145Ia 4500 | ||
|---|---|---|---|
| 008 | 221030s9999 xx 000 0 und d | ||
| 041 | _aEnglish | ||
| 082 |
_a105.23 _bDas |
||
| 100 | _aB. R. Das | ||
| 245 | 0 |
_aWorkshop Calculation & Science : Part II _cby B. R. Das |
|
| 260 |
_bNew Heights Pub. _aNew Delhi _c1992 |
||
| 300 | _a146 | ||
| 650 | _aMechanical | ||
| 942 | _cBK | ||
| 999 |
_c996 _d996 |
||